| 000 | 00845nam a22002057a 4500 | ||
|---|---|---|---|
| 999 |
_c194280 _d194280 |
||
| 005 | 20230127153357.0 | ||
| 010 | _aB-747231 E.N.A./7.11.22 | ||
| 020 |
_a9789355011862 _c1149.00 |
||
| 035 | _aB-747231 | ||
| 037 | _bAKPD | ||
| 082 | _a576 | ||
| 100 | _aDubey, RC | ||
| 245 |
_aA textbook of Microbiology/ _cRC Dubey and DK Maheshwari |
||
| 260 |
_aNew Delhi _bS. Chand and company ltd _c2022 |
||
| 270 |
_aBlock B-1,House No.D-1, Ground Floor Mohan, Co-operative _bNew Delhi _e110044 _k011-66672000 _minfo@schandpublishing.com |
||
| 300 |
_axvi,1088p. _c24cm(hbk) |
||
| 700 | _aMaheshwari, DK | ||
| 942 |
_2ddc _cEN _mDUB _h576 |
||